00413nam a2200121Ia 4500008004100000041000800041082001600049100001900065245002700084260003900111999001900150952012200169230627s9999 xx 000 0 und d amar a351.74bTAL aTalankar D. R. aBombay Police Act 1951 aMumbaibCurrent Publicationsc2005 c687814d687814 001040708LLBaNLPbNLPcNLP-16d2006-03-31g150.00l0o351.74 TALpNLP-N08762r2023-07-17 00:00:00w2023-07-17yBK